El gran libro de la imágenes: (Registro nro. 19867)

Detalles MARC
000 -CABECERA
Campo de control 00763nam a22002537a 4500
005 - FECHA Y HORA DE LA ULTIMA TRANSACCION
Campo de control 20200104041800.0
008 - ELEMENTOS DE LONGITUD FIJA—INFORMACION GENERAL
Campo de control 170925s2016 ck ||||| |||| 00| 0 spa d
020 ## - ISBN
ISBN 9789583050442
040 ## - FUENTE DE CATALOGACIÓN
Agencia catalogadora original CO-BoIAVH
Agencia transcriptora CO-BoIAVH
041 ## - IDIOMA
Código de idioma para texto/pista de sonido o título separado Español
044 ## - PAÍS DE PUBLICACIÓN
País de publicación Colombia
082 ## - NUMERO DE CLASIFICACION DECIMAL DEWEY
Número de clasificación I-PAN
Número del ítem 08
100 ## - ASIENTO PRINCIPAL--NOMBRE PERSONAL
Nombre personal Beaumont, Emili
9 (RLIN) 84964
245 ## - MENCION DE TITULO
Título El gran libro de la imágenes:
Parte restante del título la tierra, clima, energía, agricultura
260 ## - PUBLICACION, DISTRIBUCION, ETC. (PIE DE IMPRENTA)
Lugar de publicación, distribución, etc. Bogotá:
Nombre del editor, distribuidor, etc. Panamericana editorial,
Fecha de publicación, distribución, etc. 2016.
300 ## - DESCRIPCION FISICA
Extensión 104 páginas
Otros detalles físicos ilustraciones a color
Dimensiones 28 x 23 cm
650 14 - ASIENTO SECUNDARIO DE MATERIA - TERMINO TEMATICO
Término temático o nombre geográfico como elemento de entrada Literatura infantil
9 (RLIN) 85035
650 14 - ASIENTO SECUNDARIO DE MATERIA - TERMINO TEMATICO
Término temático o nombre geográfico como elemento de entrada Clima
9 (RLIN) 92779
650 14 - ASIENTO SECUNDARIO DE MATERIA - TERMINO TEMATICO
Término temático o nombre geográfico como elemento de entrada Energia
9 (RLIN) 3769
650 14 - ASIENTO SECUNDARIO DE MATERIA - TERMINO TEMATICO
Término temático o nombre geográfico como elemento de entrada Agricultura
9 (RLIN) 304
650 14 - ASIENTO SECUNDARIO DE MATERIA - TERMINO TEMATICO
Término temático o nombre geográfico como elemento de entrada Planeta tierra
9 (RLIN) 84969
700 ## - ASIENTO SECUNDARIO - NOMBRE PERSONAL
Nombre personal Maecha López, Javier
9 (RLIN) 84970
942 ## - ELEMENTOS ADICIONALES (KOHA)
Sistema de clasificación Local
Tipo de ítem Libro
Existencias
Withdrawn status Lost status Sistema de Clasificación Damaged status No para préstamo Colección Inventariado Ubicación Permanente Ubicación actual Fecha de adquisición Fuente de Valor Valor Total Checkouts Número topográfico Inventario / Código de Barras Date last seen Ejemplar Price effective from Forma de adquisición Tipo de material
    Local     Infantil Inventariado 2017 Bogotá Bogotá 25/09/2017 Lerner 30000.00   I-PAN 08 042776 25/09/2017 Ej. 1 25/09/2017 Compra Libro